000 00655nam a2200241 a 4500
001 0001-1028
003 ELIB.Books
008 141110 2010 eng
020 _a0891093117
035 _a(ELIB.Books)0001-1182
092 _a268.432
_bCli
100 _aCline, Foster W.
245 _aParenting with Love and Logic
_bTeaching Children Responsibility
260 _aColorado Springs
_bPinon Press
_c1990
300 _a229
_c23 Cm
500 _aLibrary
650 _aChristian Education: Children
856 _nKBTS; Library
_uKBTS; Elib.
942 _2ddc
_cBK
990 _a1
998 _cbat
_e2014-11-10
999 _c11028
_d11028